Aprender actuando: una guía para maestros

Guardat en:
Dades bibliogràfiques
Autor principal: Furness, Pauline (Autor)
Format: Llibre
Idioma:espanyol
Publicat: Ciudad de México Pax 1987
Matèries:
Etiquetes: Afegir etiqueta
Sense etiquetes, Sigues el primer a etiquetar aquest registre!

MARC

LEADER 00000nam a2200000 a 4500
001 UCN6032
003 CL-VaPUC
008 010913e19870000MX |||||||||||||||||spa|d
082 0 4 |a 372.66  |b FUR  |2 21 
100 0 |a Furness, Pauline  |e author  |9 461820 
245 1 0 |a Aprender actuando: una guía para maestros 
300 |a 191 p 
942 |c BK 
945 |d 20010913 00:00:00  |a cmena 
260 |a Ciudad de México  |b Pax  |c 1987 
650 7 |a TEATRO - METODOS DE ENSEÑANZA  |2 CL-VaPUC  |9 461821 
650 7 |a DRAMATIZACION - METODOS DE ENSEÑANZA  |2 CL-VaPUC  |9 461822 
583 |a last modification  |c 20010913 00:00:00  |k Rodrigo Vera 
999 |c 297124  |d 297122 
952 |0 0  |1 0  |4 0  |6 372_660000000000000_FUR_1987  |7 0  |8 A  |9 351581  |a BIBEDU  |b BIBEDU  |d 2019-11-21  |i 3698300  |o 372.66 FUR 1987  |p 3698300  |r 2019-11-21  |w 2019-11-21  |y BK  |k EPE